000 00691nam a22001937a 4500
999 _c175605
_d175605
005 20200910153537.0
010 _aUR-10852
020 _c150.00
_a9789389733198
035 _aU-9407
037 _bDBAD/PUB
082 _a844
100 _aا نصا ری نو ر فا طمہ
245 _aآ ب گينے (مضا مين کا مجمو عہ)
_cا نصا ری نو ر فا طمہ
246 _bAabgine (Urdu)
_aby Ansari Noor Fatima
260 _aN.Delhi
_bEducational Publishing House
_c2019 ء
270 _aH.O.D1/16,Ansari Road,Darya ganj,
_bN.Delhi
_e110002
_k45678285,23216162
_l0091-11-23211540
300 _a123 ص
_c22 Cm(Hb)
942 _2ddc
_cUR
_h844
_mا ن ص